[Event "ch-TUR 2012"]
[Site "Kemer TUR"]
[Date "2012.02.02"]
[Round "7"]
[White "Demirag,Batuhan"]
[Black "Aysoy,V"]
[Result "1/2-1/2"]
[WhiteElo "1624"]
[BlackElo "1924"]

1.e4 c5 2.Nf3 e6 3.d4 cxd4 4.Nxd4 Nc6 5.Nc3 Nf6 6.Be2 Bb4 7.Qd3 d5 8.exd5 Nxd5
9.Nxc6 bxc6 10.O-O O-O 11.Ne4 f5 12.Ng3 Qf6 13.c4 Ne7 14.Rb1 Ba6 15.b3 Rad8
16.Qf3 e5 17.Bb2 Bc5 18.Rfd1 Qe6 19.Rxd8 Rxd8 20.Rd1 Rxd1+ 21.Bxd1 g6 22.Qd3 Nd5
23.cxd5 cxd5 24.Qc2 Bb6 25.Ba3 d4 26.Be2 Bxe2 27.Qxe2 Kg7 28.Qd2 Bd8 29.Qb4 Qf7
30.Qd6 Bf6 31.Bc1 Qb7 32.Bh6+ Kf7 33.Qf8+ Ke6 34.Qg8+ Qf7 35.Qxf7+ Kxf7 36.Bd2 Ke6
37.f3 Kd5 38.Kf1 e4 39.fxe4+ fxe4 40.Ke1 Be5 41.Nf1 a6 42.Kf2 Ke6 43.a4 Kd5
44.g3 e3+ 45.Nxe3+ dxe3+ 46.Kxe3 Bd6 47.Kd3 Bc5 48.g4 h5 49.h3 Bf2 50.b4 Bg1
51.b5 axb5 52.axb5 hxg4 53.hxg4 Bh2 54.Be3 Bb8 55.b6 Kc6 56.Ke4 Bd6 57.Bd4 Bg3
58.Be5 Bh4 59.Bc7 Bf6 60.Kd3 Bg5 61.Ke4  1/2-1/2

[Event "ch-TUR 2012"]
[Site "Kemer TUR"]
[Date "2012.02.02"]
[Round "7"]
[White "Usun,T"]
[Black "Ercan,F"]
[Result "0-1"]
[WhiteElo "1878"]
[BlackElo "2022"]

1.e4 c5 2.Nf3 Nc6 3.d4 cxd4 4.Nxd4 e6 5.Nc3 a6 6.g3 Nge7 7.Nb3 d6 8.a4 b6
9.Bg2 Ng6 10.O-O Be7 11.Be3 O-O 12.f4 Bb7 13.Qe1 Rb8 14.Rd1 Qc7 15.Rf2 Rfd8
16.h4 Nxh4 17.gxh4 Bxh4 18.Qe2 Bxf2+ 19.Kxf2 Ne7 20.Rg1 d5 21.Qg4 g6 22.Bd4 dxe4
23.Be5 Qc4 24.Qh4 Nf5 25.Qf6 Kf8 26.Bxb8 Rxb8 27.Qh8+ Ke7 28.Qxb8 e3+ 29.Ke1 Bxg2
30.Rxg2 Qc6 31.Rg1 Qf3 32.Ne2 Qe4 33.Qc7+ Ke8 34.Qc3 Nh4 35.Qd3 Qf3 36.Rg3  0-1

[Event "34th Tringov Memorial"]
[Site "Plovdiv BUL"]
[Date "2012.02.02"]
[Round "6.4"]
[White "Smith,Bry"]
[Black "Nikolov,Mo"]
[Result "1/2-1/2"]
[WhiteElo "2460"]
[BlackElo "2560"]

1.e4 c5 2.Nf3 e6 3.d4 cxd4 4.Nxd4 Nc6 5.Nc3 Qc7 6.Be3 a6 7.Bd3 Nf6 8.O-O b5
9.Nxc6 Qxc6 10.a3 Bb7 11.Re1 Be7 12.Qf3 O-O 13.Qh3 d6 14.Bg5 h5 15.Re3 Rfe8
16.Rg3 Kf8 17.Rf1 Bd8 18.f4 Bb6+ 19.Kh1 Bd4 20.f5 Be5 21.Bxf6 gxf6 22.fxe6 Bc8
23.Qxh5 Bxe6 24.Nd5 Bxd5 25.exd5 Qc5 26.Qh6+ Ke7 27.Re3 Kd7 28.b4 Qd4 29.c3 Qxd5
30.c4 Qd4 31.Qh3+ Kc7 32.cxb5 axb5 33.Rc1+ Kb6 34.Qd7 Rac8 35.Qxb5+ Ka7 36.Qa6+ Kb8
37.Qb5+ Ka7 38.Qa6+ Kb8 39.Ree1 Rh8 40.Rxc8+ Rxc8 41.Be4 d5 42.Qb5+ Kc7 43.Bxd5 Kd8
44.Bxf7 Rc2 45.Qe8+ Kc7 46.Qe7+ Kb8 47.Qe8+ Kc7 48.Qe7+ Kb8 49.h3 Qd2 50.Rg1 Rc1
51.Qe8+ Kc7 52.Qe7+ Kb8 53.Qe8+ Kc7 54.Qe7+ Kb8  1/2-1/2

[Event "85th ch-St Petersburg SF"]
[Site "St Petersburg RUS"]
[Date "2012.02.02"]
[Round "6.3"]
[White "Alekseenko,K"]
[Black "Ganichev,Alex"]
[Result "1-0"]
[WhiteElo "2376"]
[BlackElo "2275"]

1.e4 c5 2.Nf3 e6 3.d4 cxd4 4.Nxd4 Nc6 5.Nc3 d6 6.f4 Nf6 7.Be3 Be7 8.Qf3 Qc7
9.O-O-O a6 10.Rg1 Nd7 11.g4 b5 12.a3 Bb7 13.g5 b4 14.axb4 Nxb4 15.Kb1 Rb8
16.h4 Nc5 17.Rg2 Ba8 18.Nb3 Nxb3 19.cxb3 d5 20.exd5 Nxd5 21.Nxd5 Bxd5 22.Rxd5 exd5
23.Bd4 O-O 24.Bd3 Rxb3 25.Bxh7+ Kxh7 26.Qh5+ Kg8 27.Bxg7 Kxg7 28.Qh6+ Kg8
29.g6 Rxb2+ 30.Rxb2  1-0

[Event "Moscow Open Women 2012"]
[Site "Moscow RUS"]
[Date "2012.02.03"]
[Round "7.22"]
[White "Alieva,N"]
[Black "Bivol,A"]
[Result "0-1"]
[WhiteElo "1973"]
[BlackElo "2148"]

1.e4 e6 2.Nc3 c5 3.Nf3 Nc6 4.d4 cxd4 5.Nxd4 Nf6 6.Nxc6 bxc6 7.Bd3 Be7 8.e5 Nd5
9.Qg4 g6 10.Nxd5 exd5 11.Bh6 Qa5+ 12.c3 Ba6 13.Qe2 Bxd3 14.Qxd3 Rb8 15.b4 Qa3
16.O-O Rb6 17.Qd4 Rg8 18.f4 Qb2 19.Qd3 Qa3 20.Qd2 a5 21.bxa5 Qxa5 22.Rab1 Bc5+
23.Kh1 d4 24.Rxb6 Bxb6 25.Re1 Kd8 26.Qd3 Qa3 27.Rb1 Kc7 28.Qc4 dxc3 29.Rd1 Qe7
30.Qxc3 Ra8 31.Bg5 Qe6 32.a3 h6 33.Bxh6 Qg4 34.Rb1 Qe6 35.Qb4 c5 36.Qc3 Ra4
37.Rc1 Qa2 38.Ra1 Qd5 39.Bg5 Rc4 40.Qb2 Rd4 41.Qb1 Rd2 42.Qf1 Qd4 43.Rb1 c4
44.Be7 Rf2 45.Bd6+ Kc8 46.Qg1 Rb2 47.Qc1 Rxb1 48.Qxb1 c3 49.a4 Bc7 50.Bxc7 Kxc7
51.a5 Qc5 52.Qc2 Qxa5 53.h4 Qa1+ 54.Kh2 Qb2 55.Qd3 c2 56.Qd6+ Kc8 57.Qc5+ Kb7
58.Qd5+ Kb6 59.Qd6+ Ka5 60.Qc5+ Ka4 61.Qc4+ Ka3 62.Qa6+ Kb3 63.Qb5+ Ka2 64.Qa6+ Kb1
65.Qd3 Ka1 66.Qa6+ Qa2 67.Qf1+ Kb2 68.Qb5+ Qb3 69.Qe2 Qd5 70.Qf2 Kc3 71.Qe3+ Qd3
72.Qc5+ Kd2 73.Qf2+ Kd1 74.Qg1+ Ke2 75.Qa1 Qe3 76.Qb2 Kd1  0-1

[Event "Moscow Open 2012 A"]
[Site "Moscow RUS"]
[Date "2012.02.03"]
[Round "7.28"]
[White "Lintchevski,D"]
[Black "Iljiushenok,I"]
[Result "1-0"]
[WhiteElo "2575"]
[BlackElo "2422"]

1.e4 c5 2.Nf3 e6 3.d4 cxd4 4.Nxd4 Nc6 5.Nc3 Qc7 6.Be2 a6 7.O-O Nf6 8.Be3 Be7
9.f4 d6 10.Kh1 O-O 11.a4 Re8 12.Bf3 Na5 13.Bg1 e5 14.Nde2 Bd7 15.Qd3 Qc4
16.Rab1 Qxd3 17.cxd3 Nb3 18.Rfd1 Bf8 19.d4 Rac8 20.h3 exd4 21.Bxd4 Nxd4 22.Nxd4 Rc4
23.Rd3 Bc6 24.b3 Rc5 25.Nxc6 bxc6 26.g4 h6 27.h4 g5 28.b4 Rc4 29.hxg5 hxg5
30.fxg5 Nh7 31.b5 axb5 32.axb5 Bg7 33.e5 cxb5 34.g6 Ng5 35.gxf7+ Nxf7 36.Bd5 Bxe5
37.Rf1 Rxc3 38.Rxc3 Bxc3 39.Bxf7+ Kf8 40.Bg6+ Ke7 41.Bxe8 Kxe8 42.g5 b4 43.Rf3 d5
44.g6 Ke7 45.Kg2 Ba1 46.Rf7+ Ke8 47.Ra7  1-0

[Event "80th ch-St Petersburg SF w"]
[Site "St Petersburg RUS"]
[Date "2012.02.03"]
[Round "7.2"]
[White "Kolesnikova,K"]
[Black "Chernyak,Viktoria"]
[Result "1/2-1/2"]
[WhiteElo "1926"]
[BlackElo "1839"]

1.e4 c5 2.Nf3 e6 3.d4 cxd4 4.Nxd4 Nc6 5.Nc3 d6 6.Be3 Nf6 7.h4 Be7 8.Bb5 Bd7
9.g4 Nxd4 10.Bxd4 Bxb5 11.Nxb5 Qa5+ 12.Nc3 e5 13.Be3 Nxe4 14.Qd5 Qxd5 15.Nxd5 Kd7
16.O-O-O Nf6 17.g5 Nxd5 18.Rxd5 b6 19.Rhd1 f6 20.c4 Ke6 21.Kc2 Rhf8 22.Rh1 Rac8
23.b3 Rc6 24.a4 Kf5 25.Rdd1 Rcc8 26.Rh3 Ke6 27.Rd5 f5 28.f4 Rfd8 29.Kb2 h6
30.a5 hxg5 31.hxg5 exf4 32.Bxf4 Rc5 33.axb6 axb6 34.Rd2 Rcc8 35.Re3+ Kd7
36.Red3 Ke6 37.Re2+ Kd7 38.Red2 Ke6 39.Re2+ Kd7 40.Red2 Ke6 41.Re2+  1/2-1/2

[Event "Schachbundesliga 2011-12"]
[Site "Dresden GER"]
[Date "2012.02.04"]
[Round "8"]
[White "Balogh,C"]
[Black "Maiwald,JU"]
[Result "1/2-1/2"]
[WhiteElo "2662"]
[BlackElo "2459"]

1.e4 c5 2.Nf3 e6 3.d4 cxd4 4.Nxd4 Nc6 5.Nc3 Qc7 6.f4 a6 7.Nxc6 Qxc6 8.Bd3 b5
9.Qe2 Bb7 10.Bd2 Bc5 11.O-O-O Ne7 12.a3 O-O 13.Kb1 f5 14.g4 Rae8 15.Rhe1 d5
16.exf5 exf5 17.gxf5 Nxf5 18.Qg4 Nd6 19.Re5 Rxe5 20.fxe5 Ne4 21.Bxe4 dxe4
22.Re1 Bd4 23.e6 Re8 24.Rxe4 Bf6 25.Re1 Bc8 26.Ne4 Rxe6 27.Nxf6+ Rxf6 28.Qh4 h6
29.Bc3 Rg6 30.Qd4 Bf5 31.Rf1 Qe4 32.Qf2 Be6 33.Rg1 Rxg1+ 34.Qxg1 Qg4 35.Qxg4  1/2-1/2

[Event "Schachbundesliga 2011-12"]
[Site "Emsdetten GER"]
[Date "2012.02.04"]
[Round "8"]
[White "Pruijssers,R"]
[Black "Landa,K"]
[Result "1-0"]
[WhiteElo "2475"]
[BlackElo "2639"]

1.e4 c5 2.Nf3 e6 3.d4 cxd4 4.Nxd4 Nc6 5.Nc3 a6 6.Nxc6 bxc6 7.Bd3 Qc7 8.O-O Nf6
9.Qe2 d5 10.Re1 Be7 11.e5 Nd7 12.Na4 c5 13.c4 d4 14.b3 Bb7 15.Be4 Rb8 16.Bxb7 Qxb7
17.Bd2 h5 18.Nb2 g6 19.Nd3 Kf8 20.Rab1 Kg7 21.f4 Qc6 22.Nf2 h4 23.Qd3 Ra8
24.Ne4 a5 25.a3 Rhc8 26.Rb2 Ra7 27.Re2 Qa8 28.Be1 Rh8 29.g4 hxg3 30.hxg3 a4
31.b4 Rb7 32.b5 Rbb8 33.Rh2 Rxh2 34.Rxh2 Rh8 35.Rxh8 Qxh8 36.Qf3 Qa8 37.Kg2 Nb6
38.Nd6 Qxf3+ 39.Kxf3 Kf8 40.Ba5 Nd7 41.Bc7 f6 42.exf6 Bxf6 43.b6 d3 44.b7 Bd4
45.b8=Q+ Nxb8 46.Bxb8 e5 47.Ne4 exf4 48.Bxf4 Kf7 49.Be3  1-0

[Event "Moscow Open 2012 A"]
[Site "Moscow RUS"]
[Date "2012.02.04"]
[Round "8.64"]
[White "Pasiev,R"]
[Black "Mishuchkov,N"]
[Result "0-1"]
[WhiteElo "2312"]
[BlackElo "2418"]

1.e4 c5 2.Nf3 e6 3.d4 cxd4 4.Nxd4 Nc6 5.Nc3 Qc7 6.Be3 Nf6 7.Be2 Be7 8.O-O O-O
9.f4 d6 10.Qe1 Nxd4 11.Bxd4 e5 12.fxe5 dxe5 13.Qg3 Bc5 14.Bxc5 Qxc5+ 15.Kh1 Ne8
16.Nd5 Be6 17.Qxe5 Bxd5 18.exd5 Nd6 19.Bd3 Rae8 20.Qf4 Qxd5 21.Rad1 Qe5 22.Qxe5 Rxe5
23.Bxh7+ Kxh7 24.Rxd6 Re2 25.Rd7 Rxc2 26.Rxb7 Rd8 27.h3 Rdd2 28.Rfxf7 Rxg2
29.Rxa7 Rxb2 30.Rfb7 Rh2+ 31.Kg1 Rbg2+ 32.Kf1 Rf2+ 33.Ke1 Re2+ 34.Kf1 Rhf2+
35.Kg1 Rg2+ 36.Kf1 Ref2+ 37.Ke1 Rc2 38.Kf1 Kh6 39.Rf7 Rgd2 40.Rfd7  0-1

[Event "Moscow Open Women 2012"]
[Site "Moscow RUS"]
[Date "2012.02.04"]
[Round "8"]
[White "Doluhanova,E"]
[Black "Munguntuul,B"]
[Result "1-0"]
[WhiteElo "2285"]
[BlackElo "2452"]

1.e4 c5 2.Nf3 e6 3.d4 cxd4 4.Nxd4 Nc6 5.Nc3 a6 6.Be3 Qc7 7.Qd2 Nf6 8.O-O-O Be7
9.f3 O-O 10.g4 b5 11.g5 Nh5 12.Kb1 Ne5 13.Rg1 Bb7 14.f4 Nc4 15.Bxc4 Qxc4
16.Qf2 b4 17.Na4 Qc7 18.f5 e5 19.Nb3 Bxe4 20.f6 Bd6 21.Rd2 Rfe8 22.Rgd1 Re6
23.Nac5 Bxc5 24.Nxc5 d5 25.Nxe4 dxe4 26.Rd7 Qc4 27.b3 Qc3 28.Qh4 Nxf6 29.gxf6 Qxe3
30.Qg4 g6 31.Rd8+ Re8 32.Qd7 Raxd8 33.Qxd8 Kf8 34.Qd6+ Kg8 35.Qe7 Rxe7 36.Rd8+  1-0

[Event "Moscow Open 2012 A"]
[Site "Moscow RUS"]
[Date "2012.02.04"]
[Round "8.41"]
[White "Ozolin,M"]
[Black "Geller,J"]
[Result "1-0"]
[WhiteElo "2375"]
[BlackElo "2565"]

1.e4 c5 2.Nf3 e6 3.d4 cxd4 4.Nxd4 Nc6 5.Nc3 Qc7 6.Ndb5 Qb8 7.Be3 a6 8.Bb6 axb5
9.Nxb5 Bb4+ 10.c3 Ba5 11.Nc7+ Qxc7 12.Bxc7 Bxc7 13.Qg4 g6 14.Bb5 Nge7 15.a4 O-O
16.O-O f5 17.exf5 Rxf5 18.Qe2 d5 19.b4 e5 20.a5 e4 21.a6 bxa6 22.Bxa6 Bd7
23.Bb7 Raf8 24.Ra8 Rxa8 25.Bxa8 Ne5 26.c4 dxc4 27.Bxe4 Rf4 28.Rd1 Kg7 29.f3 Bb5
30.Kh1 Rf6 31.Qe3 Bb6 32.Qc3 Nd3 33.Bxd3 cxd3 34.Qe5 Bc4 35.Qxe7+ Rf7 36.Qe5+ Rf6
37.Qe7+ Rf7 38.Qe5+ Rf6 39.Qc3 Bb5 40.Re1 Kf7 41.Qe5  1-0

[Event "Schachbundesliga 2011-12"]
[Site "Solingen GER"]
[Date "2012.02.04"]
[Round "8"]
[White "Wegener,O"]
[Black "Michiels,B"]
[Result "1-0"]
[WhiteElo "2423"]
[BlackElo "2501"]

1.e4 c5 2.Nf3 Nc6 3.d4 cxd4 4.Nxd4 e6 5.Nc3 Qc7 6.Be3 a6 7.Qd2 Nf6 8.O-O-O Be7
9.f3 b5 10.g4 d6 11.Nxc6 Qxc6 12.Kb1 Bb7 13.Ne2 Qc7 14.Bg2 Nd7 15.Nf4 O-O
16.Qf2 Rfc8 17.h4 Ne5 18.g5 a5 19.Rhe1 b4 20.Bh3 a4 21.Nxe6 fxe6 22.Bxe6+ Kh8
23.Bb6 Qc6 24.f4 Rf8 25.Bd4 b3 26.cxb3 axb3 27.Bxb3 Qa6 28.Qg3 Nc6 29.Bc3 Bd8
30.Rxd6 Ba5 31.Rd7 Rg8 32.Bxg8 Rxg8 33.h5 Bc8 34.Rxg7 Rxg7 35.h6 Be6 36.b3 Kg8
37.hxg7 Nd4 38.f5 Bc8 39.Bxa5 Qxa5 40.Rc1 Qa8 41.Qe5  1-0

[Event "85th ch-St Petersburg SF"]
[Site "St Petersburg RUS"]
[Date "2012.02.04"]
[Round "8.3"]
[White "Alekseenko,K"]
[Black "Martynov,P2"]
[Result "0-1"]
[WhiteElo "2376"]
[BlackElo "2237"]

1.e4 c5 2.Nf3 e6 3.d4 cxd4 4.Nxd4 Nc6 5.Nc3 Qc7 6.Be2 a6 7.O-O Nf6 8.Be3 Bb4
9.Na4 Be7 10.Nxc6 bxc6 11.Nb6 Rb8 12.Nxc8 Qxc8 13.e5 Nd5 14.Bc1 Bc5 15.c4 Ne7
16.b3 Qc7 17.Bb2 d6 18.exd6 Bxd6 19.g3 Be5 20.Bxe5 Qxe5 21.Re1 c5 22.Bh5 Qc7
23.Rxe6 g6 24.Re4 Rd8 25.Qe2 gxh5 26.Re1 Rd7 27.Qxh5 h6 28.Re6 Kf8 29.Rxa6 Kg7
30.f4 Rd2 31.Qg4+ Kf8 32.Qf3 Nf5 33.Qe4 Qd7 34.Qf3 Nd4 35.Qh5 Qf5 36.Qxf5 Nxf5
37.Rf1 Kg7 38.Rf2 Rd1+ 39.Rf1 Rd3 40.Rc6 Ra8 41.Rf2 Ne3 42.Re2 Re8 43.Re1 Ra8
44.Re2 Ra5 45.Rc7 h5 46.Kf2 Nf5 47.Kg2 h4 48.gxh4 Nxh4+ 49.Kg1 Nf3+ 50.Kg2 Nd4
51.Rf2 Kf6 52.Rd7 Ra8 53.Rd5 Rc8 54.h4 Ke6 55.Re5+ Kd6 56.Rd5+ Kc6 57.Rg5 Rh8
58.Rg3 Rd1 59.Rg7 f5 60.Rg6+ Kc7 61.Kh3 Rh1+ 62.Rh2 Rxh2+ 63.Kxh2 Rxh4+ 64.Kg3 Rh1
65.Ra6 Rg1+ 66.Kf2 Ra1 67.Ra7+ Kb6 68.Ra8 Nc6 69.Kg3 Kb7 70.Ra4 Rf1 71.Ra3 Rg1+
72.Kf2 Rg4 73.Ke3 Nd4 74.Ra5 Kb6 75.b4 Nc2+ 76.Kf3 Nxb4 77.Rb5+ Kc6 78.Rb8 Nc2
79.Rc8+ Kb6 80.a4 Nd4+ 81.Ke3 Rg3+ 82.Kd2 Ra3  0-1

[Event "Moscow Open A 2012"]
[Site "Moscow RUS"]
[Date "2012.02.05"]
[Round "9"]
[White "Inarkiev,E"]
[Black "Socko,B"]
[Result "1/2-1/2"]
[WhiteElo "2689"]
[BlackElo "2636"]

1.e4 c5 2.Nf3 e6 3.d4 cxd4 4.Nxd4 Nc6 5.Nc3 Qc7 6.Be3 a6 7.Be2 Nf6 8.a3 b5
9.Nxc6 dxc6 10.f4 Bb7 11.e5 Rd8 12.Bd3 Nd7 13.Qg4 c5 14.O-O g6 15.Bf2 Be7
16.Bh4 Bxh4 17.Qxh4 c4 18.Be4 Nc5 19.Bxb7 Qxb7 20.Rad1 Rxd1 21.Rxd1 O-O 22.Qf2 Ne4
23.Nxe4 Qxe4 24.Rd4 Qb7 25.c3 a5 26.h3 Rc8 27.Qd2 Kg7 28.Rd7 Rc7 29.Rd6 Qe4
30.Rd8 Rc5 31.Qd4 Qxd4+ 32.Rxd4 g5 33.fxg5 Rxe5 34.h4 Re2 35.a4 bxa4 36.Rxc4 Rxb2
37.Rxa4 Rb3 38.Rxa5 Rxc3 39.Kf2 h6 40.g4 Rc4 41.gxh6+ Kxh6 42.Rh5+ Kg6 43.Rg5+ Kh6
44.Kf3 f5 45.gxf5 exf5 46.Rxf5 Rxh4  1/2-1/2

[Event "Moscow Open 2012 A"]
[Site "Moscow RUS"]
[Date "2012.02.05"]
[Round "9.59"]
[White "Arslanov,S"]
[Black "Kachar,V"]
[Result "1-0"]
[WhiteElo "2424"]
[BlackElo "2294"]

1.e4 c5 2.Nf3 e6 3.d4 cxd4 4.Nxd4 Nc6 5.Nc3 Qc7 6.Be3 a6 7.Qd2 Nf6 8.O-O-O Be7
9.f3 O-O 10.g4 Ne5 11.g5 Nh5 12.f4 Ng4 13.e5 d6 14.Be2 Nxe3 15.Qxe3 Nxf4
16.Qxf4 dxe5 17.Qg3 Bd7 18.Nf5 Bb4 19.Ne4 Ba4 20.Bd3 exf5 21.Nf6+ Kh8 22.Qh3 h6
23.Qxf5 g6 24.Qh3 h5 25.Nxh5  1-0

[Event "34th Tringov Memorial"]
[Site "Plovdiv BUL"]
[Date "2012.02.05"]
[Round "9.23"]
[White "Dyulgerov,Dimitar"]
[Black "Nikolov,Sas"]
[Result "0-1"]
[WhiteElo "1914"]
[BlackElo "2407"]

1.e4 c5 2.Nf3 e6 3.d4 cxd4 4.Nxd4 Nc6 5.Nc3 Qc7 6.Be3 a6 7.Qd2 b5 8.a3 Bb7
9.f3 Nf6 10.O-O-O b4 11.axb4 Bxb4 12.Nde2 d5 13.exd5 Nxd5 14.Kb1 Nxe3 15.Qxe3 O-O
16.Nc1 Rfc8 17.N1a2 Be7 18.Bd3 Ne5 19.Be4 Rab8 20.b3 Nc4 21.Qd3 Na3+ 22.Kb2 Bxe4
23.Qxe4 Qa5 24.Qa4 Qxa4 25.Nxa4 Rxc2+ 26.Ka1 Bf6+  0-1

[Event "80th ch-St Petersburg SF w"]
[Site "St Petersburg RUS"]
[Date "2012.02.05"]
[Round "9.5"]
[White "Letova,Tatiana"]
[Black "Vronskaya,Anna"]
[Result "0-1"]
[WhiteElo "1612"]
[BlackElo "1873"]

1.e4 c5 2.Nf3 e6 3.d4 cxd4 4.Nxd4 Nc6 5.Nc3 Qc7 6.Be2 Nf6 7.Be3 Be7 8.g4 h6
9.Qd2 a6 10.f4 d6 11.h4 e5 12.Nf5 Bxf5 13.gxf5 exf4 14.Bxf4 Ne5 15.Rg1 Kf8
16.O-O-O b5 17.Bxe5 dxe5 18.Nd5 Nxd5 19.exd5 Qd6 20.Rg4 Rd8 21.Bf3 Bf6 22.Qf2 Rd7
23.Rd3 Rc7 24.Qe3 Ke7 25.Rc3 Rxc3 26.Qxc3 Rd8 27.a4 Rd7 28.axb5 axb5 29.Rb4 Qb6
30.Qd3 Qg1+ 31.Bd1 Ra7 32.d6+ Kd8 33.Kd2 Ra1 34.Qe2 Bxh4 35.Rxh4 Qg5+ 36.Qe3 Rxd1+
37.Ke2 Re1+  0-1

[Event "11th Aeroflot Open B"]
[Site "Moscow RUS"]
[Date "2012.02.07"]
[Round "1"]
[White "Obolenskikh,D"]
[Black "Aldokhin,I"]
[Result "0-1"]
[WhiteElo "2510"]
[BlackElo "2376"]

1.e4 c5 2.Nf3 e6 3.d4 cxd4 4.Nxd4 Nc6 5.Nc3 Qc7 6.Be3 a6 7.Qd2 Nf6 8.O-O-O Be7
9.f3 O-O 10.g4 b5 11.g5 Ne8 12.Kb1 Ne5 13.h4 Bb7 14.Qf2 Rc8 15.Rg1 Nd6 16.Bf4 Qc5
17.Qh2 Nec4 18.Nb3 Qb6 19.Bxc4 Nxc4 20.Rxd7 Bb4 21.Nd1 e5 22.Rxb7 Qxb7 23.Bxe5 Rfd8
24.c3 Bf8 25.Bd4 b4 26.Qf4 a5 27.Nf2 bxc3 28.Ng4 Nd2+ 29.Kc2 cxb2+ 30.Kxb2 Ba3+
31.Ka1 Nxb3+ 32.axb3 Rxd4  0-1

[Event "11th Aeroflot Open B"]
[Site "Moscow RUS"]
[Date "2012.02.07"]
[Round "1"]
[White "Narayanan,SL"]
[Black "Stukopin,A"]
[Result "1/2-1/2"]
[WhiteElo "2320"]
[BlackElo "2460"]

1.e4 c5 2.Nc3 Nc6 3.Nf3 e6 4.d4 cxd4 5.Nxd4 Qc7 6.Be3 a6 7.Qd2 Nf6 8.O-O-O Bb4
9.f3 b5 10.g4 Ne5 11.g5 Ng8 12.Kb1 Bxc3 13.Qxc3 Qxc3 14.bxc3 Ne7 15.f4 Nc4
16.Bxc4 bxc4 17.Rhe1 f6 18.gxf6 gxf6 19.Bc1 Rg8 20.Ba3 Kf7 21.Rg1 Bb7 22.Rxg8 Rxg8
23.Nxe6 Bxe4 24.Rxd7 Kxe6 25.Rxe7+ Kf5 26.Bc5 Rg2 27.Bd4 Bxc2+ 28.Ka1 Rxh2
29.Ra7 Kxf4 30.Bxf6 Rh6 31.Bd4 Re6 32.Kb2 Bd3 33.Rb7 h5 34.Rb6 Re2+ 35.Ka3 h4
36.Rxa6 Bb1 37.Kb4 Bxa2 38.Kc5 h3 39.Rh6 h2 40.Kd6 Kg5 41.Rh8 Kf5 42.Rh5+ Kg4
43.Rh8 Rd2 44.Kc5 Kf4 45.Rh5 Ke4 46.Rh4+ Kf5 47.Rh5+ Kg4 48.Rh8 Re2 49.Kd6 Kf5
50.Rh5+ Kg6 51.Rh8 Rd2 52.Kc5 Kf5 53.Rh5+ Kg4 54.Rh8 Kf4 55.Rh5 Kg4  1/2-1/2

[Event "11th Aeroflot Open B"]
[Site "Moscow RUS"]
[Date "2012.02.07"]
[Round "1"]
[White "Lastin,A"]
[Black "Firat,B"]
[Result "0-1"]
[WhiteElo "2538"]
[BlackElo "2396"]

1.e4 c5 2.Nf3 e6 3.d4 cxd4 4.Nxd4 Nc6 5.Nc3 d6 6.Be3 Nf6 7.Qd2 Be7 8.f3 O-O
9.O-O-O a6 10.g4 Nxd4 11.Bxd4 Nd7 12.h4 b5 13.a3 Ne5 14.Qg2 Nc6 15.g5 Nxd4
16.Rxd4 Bd7 17.Qd2 Qc7 18.f4 Bc6 19.f5 exf5 20.Bg2 fxe4 21.Bxe4 d5 22.Nxd5 Bxd5
23.Bxd5 Rad8 24.Rf1 Kh8 25.Kb1 f6 26.Re1 Bd6 27.gxf6 Be5 28.fxg7+ Qxg7 29.Rde4 Bxb2
30.Re7 Qf6 31.R1e6 Bc3 32.Rxh7+ Kxh7 33.Be4+ Kh8  0-1

[Event "10th ch-CRO w 2012"]
[Site "Topusko CRO"]
[Date "2012.02.07"]
[Round "4.2"]
[White "Deur,Z"]
[Black "Ljikar,Tamara"]
[Result "1-0"]
[WhiteElo "2142"]
[BlackElo "1793"]

1.e4 c5 2.Nf3 e6 3.d4 cxd4 4.Nxd4 Nc6 5.Nc3 Qc7 6.Be2 a6 7.O-O Nf6 8.a3 Be7
9.Be3 O-O 10.Nb3 b5 11.f4 d6 12.Bf3 Bb7 13.Qd2 Rac8 14.Qf2 Nd7 15.Ne2 b4
16.axb4 Nxb4 17.Ned4 Nc5 18.Nxc5 dxc5 19.Nb3 Nxc2 20.Qxc2  1-0

[Event "11th Aeroflot Open B"]
[Site "Moscow RUS"]
[Date "2012.02.09"]
[Round "3"]
[White "Petrosyan,M"]
[Black "Stukopin,A"]
[Result "1/2-1/2"]
[WhiteElo "2205"]
[BlackElo "2460"]

1.e4 c5 2.Nf3 e6 3.d4 cxd4 4.Nxd4 Nc6 5.Nc3 Qc7 6.Nxc6 bxc6 7.Bd3 Nf6 8.O-O d5
9.Qe2 Bd6 10.f4 O-O 11.Kh1 Nd7 12.Be3 Nc5 13.Qf2 Nxd3 14.cxd3 Ba6 15.Rfd1 d4
16.Bxd4 Bxf4 17.Ne2 Bg5 18.Be3 Bf6 19.d4 c5 20.Rac1 Qb7 21.Ng3 cxd4 22.Bxd4 e5
23.Bc5 Rfd8 24.Rxd8+ Rxd8 25.Nf5 Bg5 26.Be3 Bxe3 27.Qxe3 f6 28.Qc5 Qxb2 29.h3 Rd7
30.Qc6 h6 31.Qxd7 Qxc1+ 32.Kh2 Qf4+ 33.Kh1 Qf1+ 34.Kh2  1/2-1/2

[Event "11th Aeroflot Open B"]
[Site "Moscow RUS"]
[Date "2012.02.09"]
[Round "3"]
[White "Ismagambetov,An"]
[Black "Karavade,E"]
[Result "1/2-1/2"]
[WhiteElo "2476"]
[BlackElo "2354"]

1.e4 c5 2.Nf3 e6 3.d4 cxd4 4.Nxd4 Nc6 5.Nc3 Qc7 6.Be3 a6 7.Qd2 Nf6 8.O-O-O Bb4
9.f3 Ne5 10.Nb3 b5 11.Qd4 Nc6 12.Qb6 Qe5 13.f4 Qb8 14.Qxb8 Rxb8 15.Bd3 Bxc3
16.bxc3 d6 17.Rhe1 Bb7 18.Bf2 e5 19.fxe5 Nxe5 20.Na5 Ba8 21.c4 bxc4 22.Nxc4 Nxc4
23.Bxc4 O-O 24.Bxa6 Nxe4 25.Ba7 Rb4 26.Rd4 Rxd4 27.Bxd4 Rb8 28.Bd3 d5 29.Re3 Bc6
30.Be2 Ra8 31.Kb2 h6 32.Ra3 Rb8+ 33.Rb3 Ra8 34.Rb6 Bd7 35.Ra6 Rb8+ 36.Rb6 Ra8
37.Bb5 Be6 38.Be5 d4 39.a3 Rd8 40.Rb8 Rxb8 41.Bxb8 Bd5 42.Ba7 Nd6 43.Bd3 Nc4+
44.Bxc4 Bxc4 45.Bxd4 g6 46.Kc3 Bf1 47.g3 Kf8 48.Kb4 Ke7 49.Kc5 Kd7 50.Kb6 Bg2
51.a4 h5 52.a5 Bf3 53.Be5 Be4 54.c3 Bf3 55.Kc5 Bb7 56.Bf4 Bf3 57.Kd4 Ke6
58.Bb8 Bh1 59.Ke3 Kf5 60.a6 Bg2 61.a7 Bh1 62.h3 Bg2 63.Bc7 Bh1 64.Kd4 Ke6
65.c4 Bg2 66.Ba5 Bh1 67.Bb4 Bg2 68.Ba5 Bh1 69.Bd8 Bg2 70.g4 hxg4 71.hxg4 Bh1
72.Bh4 Bg2 73.Bd8 Bh1 74.Ke3 Ba8 75.Kf4 Bc6 76.Ba5 Ba8 77.Ke3 Bb7 78.Kd4 Bg2  1/2-1/2

[Event "11th Aeroflot Open B"]
[Site "Moscow RUS"]
[Date "2012.02.09"]
[Round "3"]
[White "Tsydypov,Z"]
[Black "Tonoian,A"]
[Result "1-0"]
[WhiteElo "2321"]
[BlackElo "2374"]

1.e4 c5 2.Nf3 e6 3.d4 cxd4 4.Nxd4 Nc6 5.Nc3 Qc7 6.g3 a6 7.Bg2 d6 8.Nb3 Nf6
9.O-O Be7 10.f4 O-O 11.g4 Re8 12.a4 b6 13.g5 Nd7 14.f5 Bf8 15.Kh1 Bb7 16.Qg4 Nde5
17.Qh3 Nb4 18.Nd4 exf5 19.exf5 d5 20.Bf4 Qd7 21.Rae1 Nc4 22.g6 fxg6 23.b3 Nd6
24.Bxd6 Bxd6 25.Nce2 gxf5 26.Nxf5 Kh8 27.Ned4 Be5 28.Rxe5 Rxe5 29.Qc3 a5
30.Qg3 Rae8 31.Bh3 Qc7 32.Nb5 Qd7 33.Nfd6 d4+ 34.Kg1 Qe7 35.Nf7+ Kg8 36.Nbd6 Bd5
37.Nxe8  1-0

[Event "10th ch-CRO w 2012"]
[Site "Topusko CRO"]
[Date "2012.02.09"]
[Round "6.3"]
[White "Ivekovic,T"]
[Black "Ljikar,Tamara"]
[Result "1-0"]
[WhiteElo "2048"]
[BlackElo "1793"]

1.e4 c5 2.Nf3 e6 3.d4 cxd4 4.Nxd4 Nc6 5.Nc3 Qc7 6.Be2 a6 7.O-O Nf6 8.a3 Be7
9.Kh1 O-O 10.f4 d6 11.Nb3 b5 12.Bf3 Bb7 13.Qe2 Nd7 14.Be3 Rac8 15.Qf2 Bf6
16.Rad1 Rfd8 17.Rd2 Ncb8 18.Nd4 Nc6 19.Nxc6 Bxc6 20.Rfd1 Be7 21.Ne2 Qb7 22.Ng3 Nf6
23.e5 Nd5 24.Ne4 Nxe3 25.Qxe3 Bxe4 26.Bxe4 d5 27.Bf3 Bc5 28.Qd3 Qb6 29.Re2 g6
30.g4 a5 31.h4 Rf8 32.f5 Bf2 33.Qd2 Bc5 34.f6 Rfd8 35.h5 Bf8 36.hxg6 fxg6
37.Rh2 Rd7 38.Qe1 Rcd8 39.g5 b4 40.a4 Qc5 41.Bg4 Qc6 42.Qe2 Re8 43.Qd3 Rc7
44.Qh3 Bc5 45.Be2 Qxa4 46.Bd3  1-0

[Event "11th Aeroflot Open B"]
[Site "Moscow RUS"]
[Date "2012.02.10"]
[Round "4"]
[White "Papp,Petra"]
[Black "Iljiushenok,I"]
[Result "1-0"]
[WhiteElo "2269"]
[BlackElo "2422"]

1.e4 c5 2.Nf3 e6 3.d4 cxd4 4.Nxd4 Nc6 5.Nc3 Qc7 6.g3 a6 7.Bg2 Nf6 8.O-O Be7
9.Re1 d6 10.Nxc6 bxc6 11.e5 dxe5 12.Rxe5 Qxe5 13.Bxc6+ Bd7 14.Bxa8 O-O 15.Bf4 Qc5
16.Bf3 Bc6 17.Be3 Qc4 18.Qe2 Qb4 19.Bxc6 Qxb2 20.Qe1 Rc8 21.Rb1 Qxc2 22.Rc1 Qb2
23.Bf3 h6 24.Nd5  1-0

[Event "TCh-CAT 2012"]
[Site "Catalunya ESP"]
[Date "2012.02.11"]
[Round "3.6"]
[White "Escandell,J"]
[Black "Fernandez Vicente,C"]
[Result "1-0"]
[WhiteElo "2273"]
[BlackElo "2165"]

1.e4 c5 2.Nf3 e6 3.d4 cxd4 4.Nxd4 Nc6 5.Nc3 Qc7 6.f4 a6 7.Nxc6 Qxc6 8.Bd3 Bb4
9.Bd2 Nf6 10.Qe2 d5 11.exd5 Nxd5 12.Be4 O-O 13.O-O Qc5+ 14.Kh1 Bxc3 15.Bxc3 Nxc3
16.bxc3 Bd7 17.Bxb7 Ra7 18.Qf3 Rb8 19.Be4 f5 20.Bd3 Qxc3 21.Rab1 Rc8 22.h3 Qc5
23.Qe2 Qd5 24.Bxa6 Rxa6 25.Qxa6 Rc3 26.Rbd1 Rxh3+ 27.Kg1 Qc5+ 28.Rf2 Ra3
29.Qd6 Qxd6 30.Rxd6 Bb5 31.Rxe6 Rxa2 32.Rd2 Ra1+ 33.Kf2 Rf1+ 34.Kg3 h6 35.Re5 Bc4
36.Rxf5 g5 37.Rf2  1-0

[Event "Frauenbundesliga 2011-12"]
[Site "Germany GER"]
[Date "2012.02.11"]
[Round "8.3"]
[White "Gara,T"]
[Black "Melamed,T"]
[Result "1-0"]
[WhiteElo "2375"]
[BlackElo "2342"]

1.e4 c5 2.Nf3 e6 3.d4 cxd4 4.Nxd4 Nc6 5.Nc3 Qc7 6.Be2 a6 7.O-O Nf6 8.Kh1 d6
9.Be3 Be7 10.f4 O-O 11.Qe1 Nxd4 12.Bxd4 b5 13.a3 Bb7 14.Qg3 Bc6 15.Rae1 Qb7
16.Bf3 Rad8 17.Nd1 g6 18.Nf2 Rfe8 19.c3 Nd7 20.Ng4 f6 21.f5 e5 22.fxg6 hxg6
23.Nxe5 Nxe5 24.Bxe5 dxe5 25.Qxg6+ Kh8 26.Bg4 Bc5 27.Rxf6 Qh7 28.Qxh7+ Kxh7
29.Rxc6 Bf2 30.Rf1 Rd2 31.Rf6 Bh4 32.Bf5+ Kg7 33.Rg6+ Kf7 34.Rxa6 Ke7 35.Ra7+ Kd8
36.Bg6  1-0

[Event "11th Aeroflot Open B"]
[Site "Moscow RUS"]
[Date "2012.02.11"]
[Round "5"]
[White "Deepan,C"]
[Black "Aldokhin,I"]
[Result "0-1"]
[WhiteElo "2495"]
[BlackElo "2376"]

1.e4 c5 2.Nf3 e6 3.d4 cxd4 4.Nxd4 Nc6 5.Nc3 Qc7 6.Be3 a6 7.Qd2 Nf6 8.f3 Be7
9.O-O-O O-O 10.g4 b5 11.g5 Ne8 12.Nxc6 dxc6 13.h4 e5 14.h5 Be6 15.g6 a5 16.Bd3 a4
17.Rdg1 a3 18.b3 Bb4 19.h6 fxg6 20.hxg7 Rxf3 21.Qg2 Rxe3 22.Rxh7 Re1+ 23.Nd1 Rxg1
24.Rh8+ Kxg7 25.Qh2 Bd2+ 26.Kxd2 Rg2+  0-1